One tiny turtle / (Record no. 6437)

MARC details
000 -LEADER
fixed length control field 01261cam a22003614a 4500
001 - CONTROL NUMBER
control field 6437
003 - CONTROL NUMBER IDENTIFIER
control field FISKH
005 - DATE AND TIME OF LATEST TRANSACTION
control field 20250513105523.0
008 - FIXED-LENGTH DATA ELEMENTS--GENERAL INFORMATION
fixed length control field 001101s2001 maua b 001 0 eng
010 ## - LIBRARY OF CONGRESS CONTROL NUMBER
LC control number 00052326
020 ## - INTERNATIONAL STANDARD BOOK NUMBER
International Standard Book Number 0763615498 (alk. paper)
020 ## - INTERNATIONAL STANDARD BOOK NUMBER
International Standard Book Number 9780439429832
040 ## - CATALOGING SOURCE
Original cataloging agency DLC
Transcribing agency DLC
Modifying agency DLC
Language of cataloging eng
050 ## - LIBRARY OF CONGRESS CALL NUMBER
Classification number QL666.C536 D38
082 ## - DEWEY DECIMAL CLASSIFICATION NUMBER
Classification number 597.928
100 1# - MAIN ENTRY--PERSONAL NAME
Personal name Davies, Nicola,
Dates associated with a name 1958-
245 10 - TITLE STATEMENT
Title One tiny turtle /
Statement of responsibility, etc. Nicola Davies ; illustrated by Jane Chapman.
250 ## - EDITION STATEMENT
Edition statement First Scholastic printing, April 2003
260 ## - PUBLICATION, DISTRIBUTION, ETC.
Place of publication, distribution, etc. New York :
Name of publisher, distributor, etc. Scholastic,
Date of publication, distribution, etc. 2001.
300 ## - PHYSICAL DESCRIPTION
Extent 29 pages :
Other physical details color illustrations ;
Dimensions 26 cm
500 ## - GENERAL NOTE
General note Includes index.
505 ## - FORMATTED CONTENTS NOTE
Formatted contents note P<br/>
520 ## - SUMMARY, ETC.
Summary, etc. The story of a tiny sea turtle who swims out to sea, then returns after a few years to the beach where she was born to lay her eggs before returning to the sea. Includes many facts about sea turtles. <br/>
521 8# - TARGET AUDIENCE NOTE
Target audience note 650<br/>
Source Lexile AD<br/>
521 8# - TARGET AUDIENCE NOTE
Target audience note P<br/>
Source Raz-Plus
650 #0 - SUBJECT ADDED ENTRY--TOPICAL TERM
Topical term or geographic name entry element Loggerhead turtle
Form subdivision Juvenile literature.
650 #1 - SUBJECT ADDED ENTRY--TOPICAL TERM
Topical term or geographic name entry element Loggerhead sea turtles.
650 #1 - SUBJECT ADDED ENTRY--TOPICAL TERM
Topical term or geographic name entry element Sea turtles.
700 1# - ADDED ENTRY--PERSONAL NAME
Personal name Chapman, Jane,
Dates associated with a name 1970-
Relator term illustrator
906 ## - LOCAL DATA ELEMENT F, LDF (RLIN)
a 7
b cbc
c orignew
d 1
e ocip
f 20
g y-gencatlg
942 ## - ADDED ENTRY ELEMENTS (KOHA)
Source of classification or shelving scheme Dewey Decimal Classification
Koha item type Books
Suppress in OPAC No
Holdings
Withdrawn status Lost status Source of classification or shelving scheme Damaged status Not for loan Collection Home library Current library Shelving location Date acquired Total Checkouts Full call number Barcode Date last seen Copy number Price effective from Koha item type Date last checked out
    Dewey Decimal Classification     Juvenile Fiction Footprints International School Library Network Toul Kork Campus Footprints International School Library Network Toul Kork Campus TK Primary Library Room(4th Floor), Bookcase 5&6, Shelves 33-56, Orange Books 05/02/2025   DAV 597.928 LCC QL666.C536 D38 FISBK05029 05/02/2025 1 05/02/2025 Books  
Withdrawn   Dewey Decimal Classification Damaged   Juvenile Fiction Footprints International School Library Network Toul Kork Campus Footprints International School Library Network Toul Kork Campus TK Primary Library Room(4th Floor), Bookcase 5&6, Shelves 33-56, Orange Books 05/02/2025   DAV 597.928 LCC QL666.C536 D38 FISTK02417 05/05/2025 2 05/02/2025 Books  
    Dewey Decimal Classification     Juvenile Fiction Footprints International School Library Network Toul Tom Poung Campus Footprints International School Library Network Toul Tom Poung Campus TTP Primary Orange Bookshelves 05/13/2025 1 DAV 597.928 LCC QL666.C536 D38 2025-1301 03/25/2026 3 05/13/2025 Books 03/11/2026